000 00589nam a22001817a 4500
005 20251108164127.0
008 250721s1999 xx 000 0 ara d
082 1 4 _a031.02/محم
100 1 _aطربيه، محمد عصام
245 1 0 _aسباق المعلومات :
_bإختبر معلوماتك العامة 500 سؤال و جواب /
264 1 _a1996 :
_bدار الإسراء للنشر و التوزيع،
_c1999.
300 _a96ص
650 1 7 _aالأسئلة و الأجوبة
650 1 7 _aالثقافة
650 1 7 _aالعلوم
942 _2ddc
_cBK
999 _c4301
_d4301